| 000 | 00563nam a2200169Ia 4500 | ||
|---|---|---|---|
| 999 |
_c45138 _d45138 |
||
| 003 | GCL | ||
| 005 | 20240530104150.0 | ||
| 008 | 140319s9999 xx 000 0 ara d | ||
| 040 |
_aGCL / _cGCL |
||
| 082 | 0 | 4 |
_a210 _bا ر |
| 100 | 1 | _aابوالحسن على الحسينى الندوى | |
| 245 | 1 | 0 |
_aربانية لا رهبانية / _cابوالحسن على الحسينى الندوى |
| 650 | 0 | 4 | _aالتصوف الاسلامى |
| 650 | 0 | 4 | _aالاسلام والمجتمع |
| 650 | 0 | 4 | _aالاسلام - مقالات و محاضرات |
| 942 |
_2ddc _cBK |
||